• 首页
  • 本馆介绍
  • 公告通知
  • 最新文献
  • 馆藏检索
  • 电子资源
  • 读者导购
  • 参考咨询
  • 我的图书馆
  • 登录
  • 详细信息显示
  • 放入我的书架
  • 预约/预借图书
  • 作者相关作品
  • 分类相关作品
  • 丛书相关作品
  • 出版社相关作品

书目信息

  • 表格格式
  • 工作单格式
  • 卡片格式
题名:
《学记》教育智慧品读
    
 
作者: 周婷 编著
分册:  
出版信息: 长春   吉林大学出版社  2008
页数: 151页
开本: 24cm
丛书名:
单 册:
中图分类: B222.55
科图分类:
主题词: 教育理论--研究--中国--先秦时代 , 教育理论
电子资源:
ISBN: 978-7-5601-3763-6
000 00866nam0 2200277 450
001 100916051184
005 20110322095636.21
010    @a978-7-5601-3763-6@dCNY35.00
100    @a20090602d2008 em y0chiy0110 ea
101 0  @achi
102    @aCN@b220000
105    @ay z 000yy
106    @ar
200 1  @a《学记》教育智慧品读@A《 xue ji 》 jiao yu zhi hui pin du@f周婷编著
210    @a长春@c吉林大学出版社@d2008
215    @a151页@d24cm
300    @a国学教育名著名篇/殷海华,刘经华总主编
330    @a本书内容包括教育的作用和目的、教育制度与学校管理、教育原则、教学法则、教师的地位和作用等。
605    @a学记@x研究
605    @a学记
606 0  @a教育理论@x研究@y中国@z先秦时代
606 0  @a教育理论
690    @aB222.55@v4
701  0 @a周婷@Azhou ting@4编著
801  0 @aCN@bSYL@c20110322
905    @b205971705-741@h597170-74@dB222.55@e381@f5
    
    《学记》教育智慧品读/周婷编著.-长春:吉林大学出版社,2008
    151页;24cm
    国学教育名著名篇/殷海华,刘经华总主编
    
    ISBN 978-7-5601-3763-6:CNY35.00
    本书内容包括教育的作用和目的、教育制度与学校管理、教育原则、教学法则、教师的地位和作用等。
●
相关链接 在E读中查询图书 在五车中查询图书 在当当中查询图书 在豆瓣中查询图书


正题名:《学记》教育智慧品读     索取号:B222.55/381         预约/预借

序号 登录号 条形码 馆藏地/架位号 状态 备注
1 597170   205971705   第一样本阅览室/ [索取号:B222.55/381] 在馆    
2 597171   205971714   第一借阅区/ [索取号:B222.55/381] 在馆    
3 597172   205971723   第一借阅区/ [索取号:B222.55/381] 在馆    
4 597173   205971732   第一借阅区/ [索取号:B222.55/381] 在馆    
5 597174   205971741   第一借阅区/ [索取号:B222.55/381] 在馆    
唐山师范学院图书馆 欢迎您!
大连网信软件有限公司© 版权所有